00870nam a2200217 a 4500001001000000003000500010005001700015008004100032010001100073011001100084040000900095100002400104245019300128260004100321500006000362502009500422650002200517650002200539650002100561856007000582000111652CHAP20220329144223.0150624s2015 mx a fsm |||||||spa d a108113 a109085 cCHAP1 aLugo Espinosa, Gema10aTurismo alternativo :h[En línea]bimplicaciones económicas, sociales y ambientales, el caso del Valle de Piedras Encimadas de Camotepec, Zacatlán, Puebla. /cpor Gema Lugo Espinosa. aChapingo, Méx. :bEl autor,c2015. aPara ver el contenido del material haga clic en la liga aTesis (Ph.D. en Ciencias en Ciencias Agrarias) -- UACH. Departamento de Sociología Rural14aAreas recreativas14aDesarrollo rural.14aTurismoxPuebla. aFinding aiduhttp://10.13.5.2/tesis/sist111652.pdfzTeclea aquí